Trading stories : (Record no. 8912)

MARC details
000 -LEADER
fixed length control field 04658cam a2200577 i 4500
001 - CONTROL NUMBER
control field 19184091
003 - CONTROL NUMBER IDENTIFIER
control field OSt
005 - DATE AND TIME OF LATEST TRANSACTION
control field 20240626115619.0
008 - FIXED-LENGTH DATA ELEMENTS--GENERAL INFORMATION
fixed length control field 160721s2010 enka b 001 0 eng d
010 ## - LIBRARY OF CONGRESS CONTROL NUMBER
LC control number 2016429152
016 7# - NATIONAL BIBLIOGRAPHIC AGENCY CONTROL NUMBER
Record control number 015550139
Source Uk
020 ## - INTERNATIONAL STANDARD BOOK NUMBER
International Standard Book Number 9780850928730
Qualifying information (pbk.)
020 ## - INTERNATIONAL STANDARD BOOK NUMBER
International Standard Book Number 0850928737
Qualifying information (pbk.)
035 ## - SYSTEM CONTROL NUMBER
System control number (OCoLC)ocn607472702
040 ## - CATALOGING SOURCE
Original cataloging agency EQO
Language of cataloging eng
Transcribing agency must
Modifying agency UY0
Description conventions rda
Modifying agency RCJ
-- YDXCP
-- BTCTA
-- NDD
-- LML
-- CDX
-- UKMGB
-- BDX
-- OCLCF
-- BEDGE
-- S3O
-- OCLCQ
-- DLC
042 ## - AUTHENTICATION CODE
Authentication code lccopycat
043 ## - GEOGRAPHIC AREA CODE
Geographic area code b------
050 00 - LIBRARY OF CONGRESS CALL NUMBER
Classification number HQ1240
Item number .T72 2010
082 04 - DEWEY DECIMAL CLASSIFICATION NUMBER
Classification number 381 TRA 2010
Edition number 22
245 00 - TITLE STATEMENT
Title Trading stories :
Remainder of title experiences with gender and trade /
Statement of responsibility, etc. edited by Marilyn Carr and Mariama Williams.
260 ## - PUBLICATION, DISTRIBUTION, ETC. (IMPRINT)
Place of publication, distribution, etc. London :
Name of publisher, distributor, etc. Commonwealth Secretariat,
Date of publication, distribution, etc. ©2010.
300 ## - PHYSICAL DESCRIPTION
Extent xi, 282 pages :
Other physical details illustrations ;
Dimensions 24 cm
336 ## - CONTENT TYPE
Content type term text
Content type code txt
Source rdacontent
337 ## - MEDIA TYPE
Media type term unmediated
Media type code n
Source rdamedia
338 ## - CARRIER TYPE
Carrier type term volume
Carrier type code nc
Source rdacarrier
504 ## - BIBLIOGRAPHY, ETC. NOTE
Bibliography, etc Includes bibliographical references (pages 267-269) and index.
505 00 - FORMATTED CONTENTS NOTE
Miscellaneous information Part one: The impact of trade on women.
-- Introduction to part one /
Statement of responsibility Mariama Williams --
Title A bitter pill to swallow : the effects of tariff reductions on sugar in Kenya /
Statement of responsibility Yves Conze with Mariama Williams --
Title Profits fly the coop : gender impacts of trade liberalisation on the Jamaican poultry industry /
Statement of responsibility Carol Narcisse --
Title Can it be mended? : Kenya and the MFA phase-out /
Statement of responsibility Paul Kamau --
Title Knitting it together : India and the MFA phase-out /
Statement of responsibility Pramod Dev --
Title A stitch in time? : AGOA and Lesotho's clothing sector /
Statement of responsibility Mariama Williams and Marilyn Carr --
Title Slipping on a peel : the effects of changing trade regimes on the St. Lucia banana industry /
Statement of responsibility Carol Narcisse --
Title Moving forwards, falling backwards : GATS and the migration of skilled professionals from the Caribbean /
Statement of responsibility Carol Narcisse --
Title Digitalising it : women and trade in ICT in developing countries /
Statement of responsibility Mariama Williams and Carol Narcisse --
Title Packaged to perfection : the SPS Agreement and aquaculture in Bangladesh /
Statement of responsibility Marilyn Carr and Sanae Ito --
Title Sitting on the docks : the SPS Agreement and the fish industry in Uganda /
Statement of responsibility May Sengendo --
Title Lessons learned from part one /
Statement of responsibility Mariama Williams --
Miscellaneous information Part two: Linking women with export markets.
-- Introduction to part two /
Statement of responsibility Marilyn Carr --
Title Raising the bar on chocolate : cocoa farmers in Ghana shape the future /
Statement of responsibility Pauline Tiffen --
Title Cultivating organic coffee : challenges for small farmers in Jamaica /
Statement of responsibility Dorienne Rowan-Campbell --
Title Corporate responsibility and the cashew nut industry : examples from India and Mozambique /
Statement of responsibility adapted by Nazneen Kanji and Marilyn Carr --
Title Swazi secrets : indigenous products in the global marketplace /
Statement of responsibility Nontokozo Nemarundwe [and others] --
Title A beautiful business : the case of Pure Fiji /
Statement of responsibility compiled by Marilyn Carr from material supplied by Pure Fiji --
Title Trade is blooming : the case of the ramesh flowers in India /
Statement of responsibility Amit Lodha --
Title Making money from honey : linking rural Ugandan women with export markets /
Statement of responsibility Rachel Nadelman, Sarah Silliman and Marilyn Carr --
Title Toehold in India : women artisans exporting leather sandals /
Statement of responsibility Madhura Chatrapathy --
Title Stitching local to global : SEWA Trade Facilitation Centre /
Statement of responsibility Reeema Nanavaty and Mona Dave --
Title Communications and commerce : the role of ICT in linking women entrepreneurs with global markets /
Statement of responsibility Nidhi Tandon and Giséle Yitamben --
Title Lessons learned from part two /
Statement of responsibility Marilyn Carr.
650 #0 - SUBJECT ADDED ENTRY--TOPICAL TERM
Topical term or geographic name as entry element Women in development.
9 (RLIN) 1047
650 #0 - SUBJECT ADDED ENTRY--TOPICAL TERM
Topical term or geographic name as entry element International trade.
9 (RLIN) 1473
650 #0 - SUBJECT ADDED ENTRY--TOPICAL TERM
Topical term or geographic name as entry element Free trade.
9 (RLIN) 7332
650 #0 - SUBJECT ADDED ENTRY--TOPICAL TERM
Topical term or geographic name as entry element Businesswomen
Geographic subdivision Commonwealth countries.
9 (RLIN) 18018
650 #0 - SUBJECT ADDED ENTRY--TOPICAL TERM
Topical term or geographic name as entry element Women-owned business enterprises
Geographic subdivision Commonwealth countries.
9 (RLIN) 18019
650 #7 - SUBJECT ADDED ENTRY--TOPICAL TERM
Topical term or geographic name as entry element Genre.
Source of heading or term eclas
9 (RLIN) 18020
650 #7 - SUBJECT ADDED ENTRY--TOPICAL TERM
Topical term or geographic name as entry element Développement économique.
Source of heading or term eclas
9 (RLIN) 18021
650 #7 - SUBJECT ADDED ENTRY--TOPICAL TERM
Topical term or geographic name as entry element Politique commerciale.
Source of heading or term eclas
9 (RLIN) 18022
650 #7 - SUBJECT ADDED ENTRY--TOPICAL TERM
Topical term or geographic name as entry element Etudes de cas.
Source of heading or term eclas
9 (RLIN) 18023
650 #7 - SUBJECT ADDED ENTRY--TOPICAL TERM
Topical term or geographic name as entry element Pays en développement.
Source of heading or term eclas
9 (RLIN) 18024
650 #7 - SUBJECT ADDED ENTRY--TOPICAL TERM
Topical term or geographic name as entry element Businesswomen.
Source of heading or term fast
Authority record control number (OCoLC)fst00843013
9 (RLIN) 18025
650 #7 - SUBJECT ADDED ENTRY--TOPICAL TERM
Topical term or geographic name as entry element Free trade.
Source of heading or term fast
Authority record control number (OCoLC)fst00933944
9 (RLIN) 7332
650 #7 - SUBJECT ADDED ENTRY--TOPICAL TERM
Topical term or geographic name as entry element International trade.
Source of heading or term fast
Authority record control number (OCoLC)fst00977128
9 (RLIN) 1473
650 #7 - SUBJECT ADDED ENTRY--TOPICAL TERM
Topical term or geographic name as entry element Women in development.
Source of heading or term fast
Authority record control number (OCoLC)fst01177865
9 (RLIN) 1047
650 #7 - SUBJECT ADDED ENTRY--TOPICAL TERM
Topical term or geographic name as entry element Women-owned business enterprises.
Source of heading or term fast
Authority record control number (OCoLC)fst01179163
9 (RLIN) 18026
650 #7 - SUBJECT ADDED ENTRY--TOPICAL TERM
Topical term or geographic name as entry element Kvinnliga företagare.
Source of heading or term sao
9 (RLIN) 18027
651 #7 - SUBJECT ADDED ENTRY--GEOGRAPHIC NAME
Geographic name Commonwealth countries.
Source of heading or term fast
Authority record control number (OCoLC)fst01240090
9 (RLIN) 18028
700 1# - ADDED ENTRY--PERSONAL NAME
Personal name Carr, Marilyn.
9 (RLIN) 18029
700 1# - ADDED ENTRY--PERSONAL NAME
Personal name Williams, Mariama.
9 (RLIN) 18030
710 2# - ADDED ENTRY--CORPORATE NAME
Corporate name or jurisdiction name as entry element Commonwealth Secretariat.
9 (RLIN) 7533
906 ## - LOCAL DATA ELEMENT F, LDF (RLIN)
a 7
b cbc
c copycat
d 2
e ncip
f 20
g y-gencatlg
942 ## - ADDED ENTRY ELEMENTS (KOHA)
Source of classification or shelving scheme Dewey Decimal Classification
Koha item type Open Shelf
Holdings
Withdrawn status Lost status Source of classification or shelving scheme Damaged status Not for loan Home library Current library Date acquired Source of acquisition Inventory number Total Checkouts Full call number Barcode Date last seen Price effective from Koha item type
    Dewey Decimal Classification     MUST Main Library MUST Main Library 26/06/2024 donation 11/35450   381 TRA 2010 2024-21418 26/06/2024 26/06/2024 Open Shelf